<?xml version="1.0" encoding="UTF-8"?>
<record
    xmlns:xsi="http://www.w3.org/2001/XMLSchema-instance"
    xsi:schemaLocation="http://www.loc.gov/MARC21/slim http://www.loc.gov/standards/marcxml/schema/MARC21slim.xsd"
    xmlns="http://www.loc.gov/MARC21/slim">

  <leader>00372    a2200133   4500</leader>
  <datafield tag="020" ind1=" " ind2=" ">
    <subfield code="a">0946641455</subfield>
  </datafield>
  <datafield tag="082" ind1=" " ind2=" ">
    <subfield code="a">707</subfield>
    <subfield code="b">L733l</subfield>
  </datafield>
  <datafield tag="100" ind1=" " ind2=" ">
    <subfield code="a">Deegan, Sheila</subfield>
    <subfield code="9">695</subfield>
  </datafield>
  <datafield tag="245" ind1=" " ind2=" ">
    <subfield code="a">Limerick</subfield>
    <subfield code="b">Integrated Arts Strategy</subfield>
  </datafield>
  <datafield tag="260" ind1=" " ind2=" ">
    <subfield code="a">Limerick</subfield>
    <subfield code="b">Limerick City Council</subfield>
    <subfield code="c">2002</subfield>
  </datafield>
  <datafield tag="300" ind1=" " ind2=" ">
    <subfield code="a">64 p</subfield>
    <subfield code="b">il (col)</subfield>
    <subfield code="c">24 cm</subfield>
  </datafield>
  <datafield tag="650" ind1=" " ind2=" ">
    <subfield code="x">arte moderno</subfield>
    <subfield code="x">estrategias- arte</subfield>
    <subfield code="9">696</subfield>
  </datafield>
  <datafield tag="700" ind1=" " ind2=" ">
    <subfield code="a">Sheila Deegan</subfield>
    <subfield code="9">697</subfield>
  </datafield>
  <datafield tag="999" ind1=" " ind2=" ">
    <subfield code="c">139</subfield>
    <subfield code="d">139</subfield>
  </datafield>
  <datafield tag="952" ind1=" " ind2=" ">
    <subfield code="0">0</subfield>
    <subfield code="1">0</subfield>
    <subfield code="2">ddc</subfield>
    <subfield code="4">0</subfield>
    <subfield code="7">0</subfield>
    <subfield code="a">LV</subfield>
    <subfield code="b">LV</subfield>
    <subfield code="c">Pensamiento</subfield>
    <subfield code="d">2014-05-19</subfield>
    <subfield code="l">0</subfield>
    <subfield code="o">707 L733l</subfield>
    <subfield code="p">000125</subfield>
    <subfield code="r">2014-05-19 00:00:00</subfield>
    <subfield code="w">2014-05-19</subfield>
    <subfield code="y">01</subfield>
  </datafield>
</record>
